[Event "Blitz 2018"]
[Site "Saint-Petersburg"]
[Date "2018.12.30"]
[Round "17"]
[Board "93"]
[White "Hirneise Jens (GER)"]
[Black "Vlassov Nikolai (RUS)"]
[Result "0-1"]
[BlackElo "2438"]
[WhiteElo "2363"]
[LiveChessVersion "1.4.8"]

1. e4 {[%clk 0:03:03]} Nc6 {[%clk 0:03:03]} 2. Nf3 {[%clk 0:03:04]} d5
{[%clk 0:03:05]} 3. exd5 {[%clk 0:03:03]} Qxd5 {[%clk 0:03:06]} 4. Nc3 Qa5 5. Bb5
{[%clk 0:03:03]} Bd7 {[%clk 0:03:08]} 6. O-O {[%clk 0:03:02]} a6 {[%clk 0:03:10]}
7. Bxc6 {[%clk 0:02:49]} Bxc6 {[%clk 0:03:11]} 8. Nd4 {[%clk 0:02:50]} Bd7
{[%clk 0:02:47]} 9. Nb3 {[%clk 0:02:42]} Qf5 {[%clk 0:02:46]} 10. d3
{[%clk 0:02:22]} Nf6 {[%clk 0:02:46]} 11. Qe2 {[%clk 0:02:19]} e6
{[%clk 0:02:44]} 12. Nd4 {[%clk 0:02:08]} Qg4 {[%clk 0:02:42]} 13. Qxg4
{[%clk 0:01:51]} Nxg4 {[%clk 0:02:43]} 14. h3 {[%clk 0:01:50]} Nf6
{[%clk 0:02:42]} 15. Re1 {[%clk 0:01:49]} Bc5 {[%clk 0:02:42]} 16. Be3
{[%clk 0:01:46]} Bb6 {[%clk 0:02:34]} 17. Nb3 {[%clk 0:01:43]} Bxe3
{[%clk 0:02:23]} 18. fxe3 {[%clk 0:01:44]} O-O {[%clk 0:02:17]} 19. e4
{[%clk 0:01:43]} e5 {[%clk 0:02:05]} 20. Rf1 {[%clk 0:01:35]} b6 {[%clk 0:02:04]}
21. Nd2 {[%clk 0:01:33]} Be6 {[%clk 0:02:04]} 22. Nf3 {[%clk 0:01:32]} Nd7
{[%clk 0:02:05]} 23. Ng5 {[%clk 0:01:32]} Rae8 {[%clk 0:02:05]} 24. Nxe6
{[%clk 0:01:31]} Rxe6 {[%clk 0:02:04]} 25. a4 {[%clk 0:01:27]} a5
{[%clk 0:02:04]} 26. Nd5 {[%clk 0:01:26]} c6 {[%clk 0:02:02]} 27. Ne3
{[%clk 0:01:26]} f6 {[%clk 0:01:59]} 28. Nc4 {[%clk 0:01:26]} Rb8
{[%clk 0:01:56]} 29. Rfb1 {[%clk 0:01:26]} c5 {[%clk 0:01:51]} 30. c3
{[%clk 0:01:17]} Rc6 {[%clk 0:01:43]} 31. Ra3 {[%clk 0:01:16]} Kf7
{[%clk 0:01:36]} 32. Rb3 {[%clk 0:01:17]} Ke6 {[%clk 0:01:35]} 33. Kf2
{[%clk 0:01:08]} h5 {[%clk 0:01:32]} 34. Ke3 {[%clk 0:01:08]} g6 {[%clk 0:01:33]}
35. Rb5 {[%clk 0:01:05]} f5 {[%clk 0:01:29]} 36. exf5+ {[%clk 0:00:50]} gxf5
{[%clk 0:01:30]} 37. b4 {[%clk 0:00:49]} cxb4 {[%clk 0:01:27]} 38. cxb4
{[%clk 0:00:50]} axb4 {[%clk 0:01:28]} 39. R1xb4 {[%clk 0:00:51]} Rg8
{[%clk 0:01:23]} 40. Rb2 {[%clk 0:00:45]} f4+ {[%clk 0:01:15]} 41. Kf2
{[%clk 0:00:27]} Nc5 {[%clk 0:01:15]} 42. Rxb6 {[%clk 0:00:23]} Nxd3+ 43. Kf1
Nxb2 {[%clk 0:01:04]} 44. Rxc6+ {[%clk 0:00:23]} Kd5 {[%clk 0:01:05]} 45. Na5
{[%clk 0:00:14]} Ra8 {[%clk 0:00:51]} 46. Rc2 {[%clk 0:00:13]} Nd3
{[%clk 0:00:42]} 47. Nc4 {[%clk 0:00:10]} Rb8 {[%clk 0:00:34]} 48. Ke2
{[%clk 0:00:04]} e4 {[%clk 0:00:34]} 49. Na3 {[%clk 0:00:03]} Rb4
{[%clk 0:00:25]} 50. a5 {[%clk 0:00:03]} Ra4 {[%clk 0:00:25]} 51. Nb5
{[%clk 0:00:04]} Rxa5 {[%clk 0:00:26]} 52. Nc7+ {[%clk 0:00:04]} Ke5
{[%clk 0:00:25]} 53. Ne8 {[%clk 0:00:04]} Nb4 {[%clk 0:00:22]} 54. Rb2
{[%clk 0:00:06]} Ra2 {[%clk 0:00:23]} 55. Rxa2 {[%clk 0:00:07]} Nxa2
{[%clk 0:00:24]} 56. Ng7 {[%clk 0:00:08]} h4 {[%clk 0:00:25]} 57. Ne8
{[%clk 0:00:06]} Nc3+ {[%clk 0:00:26]} 58. Kd2 {[%clk 0:00:04]} Kd4
{[%clk 0:00:27]} 59. Nd6 {[%clk 0:00:04]} e3+ {[%clk 0:00:27]} 60. Ke1
{[%clk 0:00:06]} Kd3 {[%clk 0:00:24]} 61. Nf5 {[%clk 0:00:07]} Nd5
{[%clk 0:00:18]} 62. Nxh4 {[%clk 0:00:08]} Nb4 {[%clk 0:00:19]} 63. Nf3
{[%clk 0:00:08]} Nc2+ {[%clk 0:00:20]} 64. Kf1 {[%clk 0:00:07]} Ke4
{[%clk 0:00:15]} 65. h4 {[%clk 0:00:07]} Kf5 {[%clk 0:00:15]} 66. Ke2
{[%clk 0:00:06]} Kg4 {[%clk 0:00:16]} 67. Kd3 {[%clk 0:00:05]} Nb4+
{[%clk 0:00:16]} 68. Ke2 {[%clk 0:00:05]} Nd5 {[%clk 0:00:16]} 69. Kd3
{[%clk 0:00:04]} Nf6 {[%clk 0:00:17]} 70. Kd4 {[%clk 0:00:03]} Kg3
{[%clk 0:00:14]} 71. Ke5 {[%clk 0:00:03]} Kxg2 {[%clk 0:00:14]} 72. Kxf6
{[%clk 0:00:04]} Kxf3 {[%clk 0:00:15]} 73. h5 {[%clk 0:00:06]} e2
{[%clk 0:00:16]} 74. h6 {[%clk 0:00:07]} e1=Q {[%clk 0:00:16]} 75. h7
{[%clk 0:00:08]} Qc3+ {[%clk 0:00:17]} 0-1

[Event "Blitz 2018"]
[Site "Saint-Petersburg"]
[Date "2018.12.30"]
[Round "17"]
[Board "94"]
[White "Zaitsev Alexander (RUS)"]
[Black "Alsulaymi Abdullah M (KSA)"]
[Result "1-0"]
[BlackElo "1833"]
[WhiteElo "2402"]
[LiveChessVersion "1.4.8"]

1. e4 {[%clk 0:03:03]} e5 {[%clk 0:03:03]} 2. Nc3 {[%clk 0:03:04]} Nf6
{[%clk 0:03:04]} 3. Bc4 {[%clk 0:03:05]} Nxe4 {[%clk 0:03:00]} 4. Qh5
{[%clk 0:03:06]} Nd6 {[%clk 0:02:57]} 5. Qxe5+ {[%clk 0:03:07]} Qe7
{[%clk 0:02:55]} 6. Qxe7+ {[%clk 0:03:07]} Bxe7 {[%clk 0:02:56]} 7. Bb3
{[%clk 0:03:08]} c6 {[%clk 0:02:52]} 8. Nf3 {[%clk 0:03:07]} O-O {[%clk 0:02:52]}
9. d4 {[%clk 0:03:08]} Nf5 {[%clk 0:02:39]} 10. d5 {[%clk 0:03:09]} Bb4
{[%clk 0:02:33]} 11. O-O {[%clk 0:03:04]} d6 {[%clk 0:02:29]} 12. Re1
{[%clk 0:02:58]} Bd7 {[%clk 0:02:18]} 13. Bf4 {[%clk 0:02:11]} Na6
{[%clk 0:02:17]} 14. Rad1 {[%clk 0:02:03]} Nc5 {[%clk 0:02:05]} 15. g4
{[%clk 0:01:52]} Nh6 {[%clk 0:01:55]} 16. h3 {[%clk 0:01:53]} Rfe8
{[%clk 0:01:46]} 17. Bxd6 {[%clk 0:01:41]} Bxc3 {[%clk 0:01:19]} 18. bxc3
{[%clk 0:01:11]} Ne4 {[%clk 0:01:19]} 19. Be5 {[%clk 0:01:07]} f6
{[%clk 0:01:06]} 20. dxc6+ {[%clk 0:01:06]} Be6 {[%clk 0:01:00]} 21. Bxe6+
{[%clk 0:01:05]} Rxe6 {[%clk 0:01:01]} 22. cxb7 {[%clk 0:01:06]} Rae8
{[%clk 0:00:52]} 23. b8=Q {[%clk 0:01:02]} Rxb8 {[%clk 0:00:52]} 24. Bxb8
{[%clk 0:01:03]} Nxc3 {[%clk 0:00:42]} 25. Rxe6 {[%clk 0:00:44]} Nxd1
{[%clk 0:00:41]} 26. Bxa7 {[%clk 0:00:38]} 1-0

[Event "Blitz 2018"]
[Site "Saint-Petersburg"]
[Date "2018.12.30"]
[Round "17"]
[Board "95"]
[White "Masrahi Abdulrahman A (KSA)"]
[Black "Sharma Dinesh K. (IND)"]
[Result "0-1"]
[BlackElo "2383"]
[WhiteElo "1966"]
[LiveChessVersion "1.4.8"]

1. d4 {[%clk 0:03:03]} Nf6 {[%clk 0:03:03]} 2. Bf4 {[%clk 0:03:04]} d5
{[%clk 0:03:03]} 3. e3 {[%clk 0:03:05]} c5 {[%clk 0:03:02]} 4. c3
{[%clk 0:03:06]} Nc6 {[%clk 0:03:02]} 5. Nd2 {[%clk 0:03:07]} cxd4
{[%clk 0:03:02]} 6. exd4 {[%clk 0:03:07]} Bf5 {[%clk 0:03:03]} 7. Ngf3
{[%clk 0:03:07]} e6 {[%clk 0:03:02]} 8. Qb3 {[%clk 0:03:05]} Qc8 {[%clk 0:03:02]}
9. Bb5 {[%clk 0:02:52]} Be7 {[%clk 0:03:00]} 10. O-O {[%clk 0:02:49]} O-O
{[%clk 0:03:00]} 11. Rfe1 {[%clk 0:02:46]} a6 {[%clk 0:02:58]} 12. Bf1
{[%clk 0:02:35]} h6 {[%clk 0:02:58]} 13. Ne5 {[%clk 0:02:31]} Re8
{[%clk 0:02:55]} 14. h3 {[%clk 0:02:20]} Bf8 {[%clk 0:02:10]} 15. Re3
{[%clk 0:02:05]} b5 {[%clk 0:01:57]} 16. a3 {[%clk 0:02:02]} Na5 {[%clk 0:01:55]}
17. Qd1 {[%clk 0:01:41]} Nc4 {[%clk 0:01:55]} 18. Ndxc4 {[%clk 0:01:35]} bxc4
{[%clk 0:01:55]} 19. g4 {[%clk 0:01:24]} Bh7 {[%clk 0:01:53]} 20. h4
{[%clk 0:01:09]} Ne4 {[%clk 0:01:45]} 21. g5 {[%clk 0:00:59]} Nd6
{[%clk 0:01:06]} 22. gxh6 {[%clk 0:00:41]} Nf5 {[%clk 0:01:05]} 23. hxg7
{[%clk 0:00:27]} Bxg7 {[%clk 0:01:06]} 24. Qh5 {[%clk 0:00:22]} Qb7
{[%clk 0:00:48]} 25. Bh3 {[%clk 0:00:19]} Nxe3 {[%clk 0:00:42]} 26. fxe3
{[%clk 0:00:20]} f6 {[%clk 0:00:42]} 27. Ng4 {[%clk 0:00:13]} Qf7
{[%clk 0:00:42]} 28. Qxf7+ {[%clk 0:00:06]} Kxf7 {[%clk 0:00:43]} 29. Kf2
{[%clk 0:00:05]} Bf5 {[%clk 0:00:36]} 30. Rg1 {[%clk 0:00:04]} Rh8
{[%clk 0:00:36]} 31. Bg3 {[%clk 0:00:04]} Rag8 {[%clk 0:00:36]} 32. Kf3 0-1

[Event "Blitz 2018"]
[Site "Saint-Petersburg"]
[Date "2018.12.30"]
[Round "17"]
[Board "96"]
[White "Kabanov Nikolai (RUS)"]
[Black "Al Thebaiti Ahmed M (KSA)"]
[Result "1-0"]
[BlackElo "1976"]
[WhiteElo "2311"]
[LiveChessVersion "1.4.8"]

1. e4 {[%clk 0:03:03]} d5 {[%clk 0:03:02]} 2. exd5 {[%clk 0:03:03]} Nf6
{[%clk 0:03:02]} 3. d4 {[%clk 0:02:58]} Nxd5 {[%clk 0:03:03]} 4. Nf3
{[%clk 0:02:58]} c6 {[%clk 0:02:57]} 5. Be2 {[%clk 0:02:40]} Bf5 {[%clk 0:02:56]}
6. O-O {[%clk 0:02:39]} e6 {[%clk 0:02:57]} 7. c4 {[%clk 0:02:32]} Nb6
{[%clk 0:02:57]} 8. Nc3 {[%clk 0:02:30]} Be7 {[%clk 0:02:55]} 9. Re1
{[%clk 0:02:19]} O-O {[%clk 0:02:55]} 10. h3 {[%clk 0:02:17]} N8d7
{[%clk 0:02:53]} 11. Bf1 {[%clk 0:02:16]} Nf6 {[%clk 0:02:50]} 12. Bf4
{[%clk 0:02:12]} Bd6 {[%clk 0:02:48]} 13. Bxd6 {[%clk 0:02:12]} Qxd6
{[%clk 0:02:44]} 14. c5 {[%clk 0:02:12]} Qc7 {[%clk 0:02:41]} 15. cxb6
{[%clk 0:02:13]} axb6 {[%clk 0:02:42]} 16. Rc1 {[%clk 0:02:10]} Rfd8
{[%clk 0:02:39]} 17. Qe2 {[%clk 0:02:07]} Qd7 {[%clk 0:02:32]} 18. a3
{[%clk 0:02:07]} Nd5 {[%clk 0:02:29]} 19. Nxd5 {[%clk 0:02:06]} Qxd5
{[%clk 0:02:29]} 20. Qe3 {[%clk 0:02:04]} h6 {[%clk 0:02:24]} 21. Bd3
{[%clk 0:02:02]} Bxd3 {[%clk 0:02:21]} 22. Qxd3 {[%clk 0:02:02]} Ra4
{[%clk 0:02:08]} 23. Qe4 {[%clk 0:01:56]} Qd6 {[%clk 0:02:02]} 24. Qe5
{[%clk 0:01:52]} Qd7 {[%clk 0:01:59]} 25. Rc3 {[%clk 0:01:51]} Rda8
{[%clk 0:01:58]} 26. Re4 {[%clk 0:01:44]} R8a5 {[%clk 0:01:59]} 27. Qb8+
{[%clk 0:01:41]} Kh7 {[%clk 0:01:58]} 28. Ne5 {[%clk 0:01:40]} Qe7
{[%clk 0:01:56]} 29. Nc4 {[%clk 0:01:23]} Ra8 {[%clk 0:01:50]} 30. Qd6
{[%clk 0:01:20]} Qg5 {[%clk 0:01:39]} 31. Rg4 {[%clk 0:01:19]} Qf5
{[%clk 0:01:36]} 32. Nxb6 {[%clk 0:01:14]} Qb1+ {[%clk 0:01:17]} 33. Kh2
{[%clk 0:01:14]} Qxb2 {[%clk 0:01:06]} 34. Nxa4 {[%clk 0:01:15]} Rxa4
{[%clk 0:01:01]} 35. Rcg3 {[%clk 0:01:02]} g6 {[%clk 0:00:49]} 36. Rxg6
{[%clk 0:00:53]} fxg6 {[%clk 0:00:42]} 37. Qe7+ {[%clk 0:00:54]} Kh8
{[%clk 0:00:41]} 38. Qf6+ {[%clk 0:00:52]} 1-0

[Event "Blitz 2018"]
[Site "Saint-Petersburg"]
[Date "2018.12.30"]
[Round "17"]
[Board "97"]
[White "Anikonov Dmitry (RUS)"]
[Black "Al Turky Fahad A (KSA)"]
[Result "1-0"]
[BlackElo "1851"]
[WhiteElo "2511"]
[LiveChessVersion "1.4.8"]

1. d4 {[%clk 0:03:03]} Nf6 {[%clk 0:03:00]} 2. c4 {[%clk 0:03:04]} g6
{[%clk 0:03:01]} 3. Nc3 {[%clk 0:03:05]} Bg7 {[%clk 0:03:01]} 4. e4
{[%clk 0:03:06]} d6 {[%clk 0:03:03]} 5. Nf3 {[%clk 0:03:06]} O-O {[%clk 0:03:02]}
6. h3 {[%clk 0:03:07]} Nbd7 {[%clk 0:03:00]} 7. Be3 {[%clk 0:03:06]} e5
{[%clk 0:03:01]} 8. d5 {[%clk 0:03:06]} a6 {[%clk 0:02:37]} 9. g4
{[%clk 0:03:04]} b5 {[%clk 0:02:37]} 10. cxb5 {[%clk 0:03:04]} axb5
{[%clk 0:02:37]} 11. Bxb5 {[%clk 0:02:56]} Ba6 {[%clk 0:02:39]} 12. Bxa6
{[%clk 0:02:56]} Rxa6 {[%clk 0:02:13]} 13. Nd2 {[%clk 0:02:51]} Nc5
{[%clk 0:02:00]} 14. Qe2 {[%clk 0:02:51]} Rb6 {[%clk 0:02:00]} 15. Rb1
{[%clk 0:02:48]} Qb8 {[%clk 0:01:59]} 16. Nc4 {[%clk 0:02:47]} Rb4
{[%clk 0:01:42]} 17. Bxc5 {[%clk 0:02:47]} dxc5 {[%clk 0:01:43]} 18. b3 Re8
{[%clk 0:01:34]} 19. O-O {[%clk 0:02:30]} h5 {[%clk 0:01:07]} 20. f3
{[%clk 0:02:30]} Qd8 {[%clk 0:01:01]} 21. Kg2 {[%clk 0:02:25]} Nh7
{[%clk 0:00:50]} 22. Qe3 {[%clk 0:02:20]} Qh4 {[%clk 0:00:30]} 23. Rh1
{[%clk 0:02:13]} Qe7 {[%clk 0:00:20]} 24. Na4 {[%clk 0:02:04]} Bf8
{[%clk 0:00:14]} 25. gxh5 {[%clk 0:02:01]} gxh5 {[%clk 0:00:12]} 26. Rhg1
{[%clk 0:02:00]} Kh8 {[%clk 0:00:13]} 27. Kh2 {[%clk 0:01:54]} Reb8
{[%clk 0:00:10]} 28. Rb2 {[%clk 0:01:49]} Bg7 {[%clk 0:00:07]} 29. Rbg2
{[%clk 0:01:45]} Rg8 {[%clk 0:00:07]} 30. Qxc5 {[%clk 0:01:40]} Qxc5
{[%clk 0:00:06]} 31. Nxc5 {[%clk 0:01:41]} Rbb8 {[%clk 0:00:05]} 32. Nd7
{[%clk 0:01:40]} Rbd8 {[%clk 0:00:04]} 33. Ndxe5 {[%clk 0:01:40]} Bh6
{[%clk 0:00:00]} 34. Nxf7# {[%clk 0:01:39]} 1-0

[Event "Blitz 2018"]
[Site "Saint-Petersburg"]
[Date "2018.12.30"]
[Round "17"]
[Board "98"]
[White "Khayat Abdullah F (KSA)"]
[Black "Sokolin Leonid (USA)"]
[Result "0-1"]
[BlackElo "2508"]
[WhiteElo "1709"]
[LiveChessVersion "1.4.8"]

1. Nf3 {[%clk 0:03:01]} Nf6 {[%clk 0:03:03]} 2. g3 {[%clk 0:03:02]} g6
{[%clk 0:03:04]} 3. d4 {[%clk 0:03:03]} Bg7 {[%clk 0:03:05]} 4. Bg2
{[%clk 0:03:03]} O-O {[%clk 0:03:06]} 5. O-O d6 6. c3 {[%clk 0:03:02]} Nbd7
{[%clk 0:03:05]} 7. Re1 {[%clk 0:03:02]} e5 {[%clk 0:03:05]} 8. e4 Re8 9. d5
{[%clk 0:02:52]} Nc5 {[%clk 0:03:04]} 10. Nbd2 {[%clk 0:02:28]} Nd3
{[%clk 0:03:05]} 11. Rf1 {[%clk 0:01:55]} c6 {[%clk 0:03:00]} 12. c4
{[%clk 0:01:33]} Qb6 {[%clk 0:02:54]} 13. a3 {[%clk 0:01:14]} a5 {[%clk 0:02:54]}
14. Qc2 {[%clk 0:01:13]} Nxc1 {[%clk 0:02:44]} 15. Raxc1 {[%clk 0:01:13]} c5
{[%clk 0:02:45]} 16. a4 {[%clk 0:01:06]} Nh5 {[%clk 0:02:40]} 17. Ne1
{[%clk 0:00:24]} f5 {[%clk 0:02:39]} 18. exf5 {[%clk 0:00:12]} gxf5
{[%clk 0:02:40]} 19. Qd1 {[%clk 0:00:07]} Nf6 {[%clk 0:02:37]} 20. Rb1
{[%clk 0:00:06]} Bd7 {[%clk 0:02:31]} 21. b3 {[%clk 0:00:07]} e4 {[%clk 0:02:30]}
22. h3 {[%clk 0:00:05]} h5 {[%clk 0:02:24]} 23. g4 {[%clk 0:00:05]} hxg4
{[%clk 0:02:24]} 24. hxg4 {[%clk 0:00:06]} Nxg4 {[%clk 0:02:25]} 25. f3
{[%clk 0:00:04]} Bd4+ {[%clk 0:02:23]} 26. Kh1 {[%clk 0:00:04]} Qd8
{[%clk 0:02:19]} 27. fxg4 {[%clk 0:00:03]} Qh4+ {[%clk 0:02:20]} 0-1

[Event "Blitz 2018"]
[Site "Saint-Petersburg"]
[Date "2018.12.30"]
[Round "18"]
[Board "3"]
[White "Aronian Levon (ARM)"]
[Black "Karjakin Sergey (RUS)"]
[Result "1-0"]
[BlackElo "2759"]
[WhiteElo "2858"]
[LiveChessVersion "1.4.8"]

1. e4 {[%clk 0:03:03]} e5 {[%clk 0:03:03]} 2. Nf3 Nc6 3. Bc4 {[%clk 0:03:05]} Bc5
{[%clk 0:03:06]} 4. c3 {[%clk 0:03:01]} Nf6 {[%clk 0:03:06]} 5. d4
{[%clk 0:03:02]} exd4 {[%clk 0:03:07]} 6. e5 {[%clk 0:03:03]} d5 {[%clk 0:03:07]}
7. Be2 {[%clk 0:03:03]} Ne4 {[%clk 0:03:07]} 8. cxd4 {[%clk 0:03:04]} Bb6
{[%clk 0:03:08]} 9. Nc3 {[%clk 0:03:02]} O-O {[%clk 0:03:07]} 10. O-O
{[%clk 0:03:03]} Be6 {[%clk 0:02:58]} 11. Be3 {[%clk 0:02:52]} f6
{[%clk 0:02:59]} 12. exf6 {[%clk 0:02:45]} Qxf6 {[%clk 0:03:00]} 13. h3
{[%clk 0:02:33]} Rae8 {[%clk 0:02:42]} 14. Rc1 {[%clk 0:02:31]} Kh8
{[%clk 0:02:36]} 15. Na4 {[%clk 0:02:15]} Bf7 {[%clk 0:02:12]} 16. Nxb6
{[%clk 0:02:06]} axb6 {[%clk 0:02:13]} 17. b4 {[%clk 0:02:05]} Bh5
{[%clk 0:01:20]} 18. b5 {[%clk 0:02:03]} Ne7 {[%clk 0:01:21]} 19. Rxc7
{[%clk 0:01:21]} Nf5 {[%clk 0:01:22]} 20. Bc1 {[%clk 0:01:14]} Bxf3
{[%clk 0:00:32]} 21. Bxf3 {[%clk 0:01:15]} Nxd4 {[%clk 0:00:29]} 22. Bxe4
{[%clk 0:00:54]} dxe4 {[%clk 0:00:30]} 23. Rxb7 {[%clk 0:00:37]} Nxb5
{[%clk 0:00:23]} 24. Be3 {[%clk 0:00:25]} Nc3 {[%clk 0:00:24]} 25. Qg4
{[%clk 0:00:16]} Nd5 {[%clk 0:00:22]} 26. Rd1 {[%clk 0:00:13]} Nxe3
{[%clk 0:00:20]} 27. fxe3 {[%clk 0:00:15]} Re5 {[%clk 0:00:08]} 28. Rd6
{[%clk 0:00:08]} Qf2+ {[%clk 0:00:04]} 29. Kh2 {[%clk 0:00:10]} Rg8
{[%clk 0:00:03]} 30. Rd8 {[%clk 0:00:08]} Qf6 {[%clk 0:00:00]} 1-0

[Event "Blitz 2018"]
[Site "Saint-Petersburg"]
[Date "2018.12.30"]
[Round "18"]
[Board "4"]
[White "Artemiev Vladislav (RUS)"]
[Black "Giri Anish (NED)"]
[Result "0-1"]
[BlackElo "2751"]
[WhiteElo "2825"]
[LiveChessVersion "1.4.8"]

1. d4 {[%clk 0:03:02]} Nf6 {[%clk 0:03:03]} 2. Bg5 {[%clk 0:03:03]} d5
{[%clk 0:03:04]} 3. Nd2 {[%clk 0:03:03]} c5 {[%clk 0:03:02]} 4. e3
{[%clk 0:03:04]} Nc6 {[%clk 0:03:00]} 5. Ngf3 {[%clk 0:03:04]} cxd4
{[%clk 0:02:59]} 6. exd4 {[%clk 0:03:04]} Bg4 {[%clk 0:03:00]} 7. c3
{[%clk 0:03:05]} e6 {[%clk 0:03:00]} 8. Qb3 {[%clk 0:03:01]} Qb6 {[%clk 0:02:54]}
9. Bf4 {[%clk 0:02:46]} Nd7 {[%clk 0:02:49]} 10. Bd3 {[%clk 0:02:46]} Be7
{[%clk 0:02:47]} 11. O-O {[%clk 0:02:46]} Bh5 {[%clk 0:02:45]} 12. Rfe1
{[%clk 0:02:41]} O-O {[%clk 0:02:45]} 13. Qc2 {[%clk 0:02:14]} Bg6
{[%clk 0:02:45]} 14. Bxg6 {[%clk 0:02:15]} hxg6 {[%clk 0:02:46]} 15. Nf1
{[%clk 0:02:04]} Qd8 {[%clk 0:02:44]} 16. a4 {[%clk 0:01:50]} a6 {[%clk 0:02:44]}
17. Qd3 {[%clk 0:01:45]} g5 {[%clk 0:02:34]} 18. Bg3 {[%clk 0:01:44]} g6
{[%clk 0:02:24]} 19. h3 {[%clk 0:01:42]} Kg7 {[%clk 0:02:24]} 20. N1h2
{[%clk 0:01:34]} Rh8 {[%clk 0:02:00]} 21. b4 {[%clk 0:01:35]} Nb6
{[%clk 0:01:47]} 22. b5 {[%clk 0:01:30]} Na5 {[%clk 0:01:45]} 23. Be5+
{[%clk 0:01:26]} Bf6 {[%clk 0:01:46]} 24. Nxg5 {[%clk 0:00:59]} Bxe5
{[%clk 0:01:47]} 25. Rxe5 {[%clk 0:01:00]} Nd7 {[%clk 0:01:30]} 26. Nxe6+
{[%clk 0:00:56]} fxe6 {[%clk 0:01:31]} 27. Rxe6 {[%clk 0:00:57]} Nf8
{[%clk 0:01:32]} 28. Re2 {[%clk 0:00:53]} axb5 {[%clk 0:01:27]} 29. axb5
{[%clk 0:00:53]} Rh7 {[%clk 0:01:25]} 30. Rae1 {[%clk 0:00:53]} Nc4
{[%clk 0:01:22]} 31. Ng4 {[%clk 0:00:53]} Kh8 {[%clk 0:01:20]} 32. Qf3
{[%clk 0:00:51]} Rg7 {[%clk 0:00:56]} 33. g3 {[%clk 0:00:38]} Nh7
{[%clk 0:00:55]} 34. h4 {[%clk 0:00:37]} Qf8 {[%clk 0:00:55]} 35. Qxd5
{[%clk 0:00:37]} Nb6 {[%clk 0:00:53]} 36. Qe6 {[%clk 0:00:37]} Nd7
{[%clk 0:00:54]} 37. Qe8 {[%clk 0:00:26]} Rxe8 {[%clk 0:00:41]} 38. Rxe8
{[%clk 0:00:27]} Rf7 {[%clk 0:00:38]} 39. c4 {[%clk 0:00:24]} b6 {[%clk 0:00:34]}
40. Rxf8+ {[%clk 0:00:17]} Nhxf8 {[%clk 0:00:35]} 41. Re8 {[%clk 0:00:17]} Kg7
{[%clk 0:00:36]} 42. Ne3 {[%clk 0:00:11]} Nf6 {[%clk 0:00:35]} 43. Rb8
{[%clk 0:00:12]} Ne6 {[%clk 0:00:34]} 44. Rxb6 {[%clk 0:00:08]} Nxd4
{[%clk 0:00:35]} 45. Rd6 {[%clk 0:00:08]} Ne2+ {[%clk 0:00:34]} 46. Kg2
{[%clk 0:00:04]} Ne4 {[%clk 0:00:36]} 47. Re6 {[%clk 0:00:04]} Rxf2+
{[%clk 0:00:34]} 48. Kh3 {[%clk 0:00:05]} Ng1+ {[%clk 0:00:33]} 49. Kg4
{[%clk 0:00:06]} Nf6+ {[%clk 0:00:34]} 50. Rxf6 {[%clk 0:00:07]} Kxf6
{[%clk 0:00:34]} 51. c5 {[%clk 0:00:06]} Rb2 {[%clk 0:00:34]} 52. b6
{[%clk 0:00:04]} Rb4+ {[%clk 0:00:35]} 0-1

[Event "Blitz 2018"]
[Site "Saint-Petersburg"]
[Date "2018.12.30"]
[Round "18"]
[Board "5"]
[White "Svidler Peter (RUS)"]
[Black "Matlakov Maxim (RUS)"]
[Result "1-0"]
[LiveChessVersion "1.4.8"]
[BlackElo "2653"]
[WhiteElo "2770"]

1. e4 {[%clk 0:03:03]} e5 {[%clk 0:03:03]} 2. Bc4 {[%clk 0:03:03]} Nf6
{[%clk 0:03:01]} 3. d3 {[%clk 0:03:04]} Nc6 {[%clk 0:03:02]} 4. Nf3
{[%clk 0:03:01]} h6 {[%clk 0:03:02]} 5. O-O {[%clk 0:02:59]} d6 {[%clk 0:03:03]}
6. a4 {[%clk 0:02:59]} g5 {[%clk 0:03:02]} 7. Nc3 {[%clk 0:02:19]} Bg7
{[%clk 0:03:02]} 8. a5 {[%clk 0:02:13]} a6 {[%clk 0:03:03]} 9. Nd5
{[%clk 0:02:10]} O-O {[%clk 0:03:00]} 10. Ne3 {[%clk 0:02:05]} Ne7
{[%clk 0:02:57]} 11. h4 {[%clk 0:01:50]} g4 {[%clk 0:02:44]} 12. Nh2
{[%clk 0:01:51]} h5 {[%clk 0:02:44]} 13. g3 {[%clk 0:01:51]} c6 {[%clk 0:02:24]}
14. f3 {[%clk 0:01:33]} d5 {[%clk 0:02:24]} 15. Bb3 {[%clk 0:01:35]} gxf3
{[%clk 0:02:11]} 16. Qxf3 {[%clk 0:01:36]} dxe4 {[%clk 0:02:11]} 17. dxe4
{[%clk 0:01:37]} Qd4 {[%clk 0:02:12]} 18. Ra4 {[%clk 0:01:38]} Qc5
{[%clk 0:01:57]} 19. Bd2 {[%clk 0:01:29]} Qd6 {[%clk 0:01:51]} 20. Bb4
{[%clk 0:01:24]} c5 {[%clk 0:01:52]} 21. Bc3 {[%clk 0:01:25]} c4 {[%clk 0:01:17]}
22. Bxc4 {[%clk 0:01:17]} Bh3 {[%clk 0:01:17]} 23. Rd1 {[%clk 0:01:11]} Qc6
{[%clk 0:01:18]} 24. Bb3 {[%clk 0:01:10]} Rad8 {[%clk 0:01:17]} 25. Rc4
{[%clk 0:00:57]} Rxd1+ {[%clk 0:01:15]} 26. Qxd1 {[%clk 0:00:58]} Qe8
{[%clk 0:01:02]} 27. Bxe5 {[%clk 0:00:56]} Nc6 {[%clk 0:01:03]} 28. Bxf6
{[%clk 0:00:51]} Bxf6 {[%clk 0:01:04]} 29. Qxh5 {[%clk 0:00:51]} Be6
{[%clk 0:00:52]} 30. Nhg4 {[%clk 0:00:43]} Bg7 {[%clk 0:00:53]} 31. Rc5
{[%clk 0:00:19]} Bxb3 {[%clk 0:00:51]} 32. Rg5 {[%clk 0:00:15]} f6
{[%clk 0:00:36]} 33. Nxf6+ {[%clk 0:00:16]} 1-0